| 000 | 00590nam a22001937a 4500 | ||
|---|---|---|---|
| 005 | 20251108172300.0 | ||
| 008 | 250721s1999 xx 000 0 ara d | ||
| 082 | 1 | 4 | _a613.95/بري |
| 100 | 1 | _aبريمن، ادوارد | |
| 245 | 1 | 0 |
_aالمشكلات الجنسية أسبابها و علاجها : _bأسبابها و علاجها / |
| 250 | _aط2 | ||
| 264 | 1 |
_aبيروت : _bدار الآفاق الجديدة، _c1999. |
|
| 300 | _a168ص. | ||
| 650 | 1 | 7 | _aالصحة |
| 650 | 1 | 7 | _aالجنس |
| 700 | 1 |
_aرزق، جورج _eترجمة |
|
| 942 |
_2ddc _cBK |
||
| 999 |
_c75086 _d75086 |
||